Kursus perkhidmatan kaunter & pelanggan kualiti [ 18 Mac 2010

Bibliographic Details
Corporate Author: Institut Penilaian Negara
Format: Book
Language:Malay
Published: Bangi : Institut Penilaian Negara , 2010
Subjects:

MARC

LEADER 00000cam a2200000 7i4500
001 0000023074
005 20110308.0
008 110223 my v may
040 |a INS 
090 0 0 |a VCD 1829 
245 0 0 |a Kursus perkhidmatan kaunter & pelanggan kualiti [  |h cakera video] :   |b 18 Mac 2010 
260 |a Bangi :   |b Institut Penilaian Negara ,   |c 2010 
300 |a 1 cakera video (55 min) :   |b by., wrn. ;   |c 4 3/4 in. 
650 0 |a Customer services 
710 1 |a Institut Penilaian Negara 
999 |a VCD0001829   |b DIGITAL VIDEO CD   |c Media Collection   |e Default branch